00621nam a2200181 a 450000100100000000500170001000800410002704000250006808200150009310000430010824500750015126000800022630000210030649000280032765000300035565000260038583000280041100003496620260521144507.0111024s1967 ve 000 0 spa d aDO-SdBNPbspacBNPHU a501bG501e1 aGarcía Bacca, Juan David,d1901-199210aElementos de filosofía de las ciencias /cJuan David García Bacca. aCaracas :bUniversidad Central de Venezuela. Dirección de Cultura,c1967. a182 p. ;c17 cm.0 aManuales universitarios20aFilosofía de la ciencia24aCienciasxFilosofía 0aManuales universitarios